logo

Bir Sreshtho Munshi Abdur Rouf Library
Jhenaidah Cadet College

সীরতুননবী (সা.) / (Record no. 11454)

MARC details
000 -LEADER
fixed length control field 00912nam a2200241 a 4500
001 - CONTROL NUMBER
JCCL Control Number 11454
003 - CONTROL NUMBER IDENTIFIER
JCCL marc code BD-JhCC
005 - DATE AND TIME OF LATEST TRANSACTION
control field 20211118134021.0
008 - FIXED-LENGTH DATA ELEMENTS--GENERAL INFORMATION
fixed length control field 190623s19942015bg |||| ||a| 000 0 ben d
020 ## - INTERNATIONAL STANDARD BOOK NUMBER
International Standard Book Number 9840601679
035 ## - SYSTEM CONTROL NUMBER
system control number (BD-JhCC)11454
040 ## - CATALOGING SOURCE
Original cataloging agency BD-JhCC
Modifying agency BD-JhCC
041 ## - LANGUAGE CODE
Language code of Book ben
082 ## - DEWEY DECIMAL CLASSIFICATION NUMBER
Classification number 297.63
Author mark and Year RAH 2015
100 ## - MAIN ENTRY--PERSONAL NAME
Personal name (র.), আবূ মুহাম্মদ আবদুল মালিক ইবন হিশাম মুআফিরী
245 ## - TITLE STATEMENT
Title সীরতুননবী (সা.) /
Statement of responsibility, etc আবূ মুহাম্মদ আবদুল মালিক ইবন হিশাম মুআফিরী (র.)
260 ## - PUBLICATION, DISTRIBUTION, ETC. (IMPRINT)
Place of publication, distribution, etc ঢাকা :
Name of publisher, distributor, etc ইসলামীক ফাউন্ডেশন বাংলাদেশ,
Date of publication, distribution, etc ২০১৫.
300 ## - PHYSICAL DESCRIPTION
Pagination 308 p. :
Dimensions 24 cm.
650 ## - SUBJECT ADDED ENTRY--TOPICAL TERM
Topical term or geographic name as entry element The Life Hazrat Muhammad (Sm.)
650 ## - SUBJECT ADDED ENTRY--TOPICAL TERM
Topical term or geographic name as entry element Islam
942 ## - ADDED ENTRY ELEMENTS (KOHA)
Source of classification or shelving scheme Dewey Decimal Classification
Koha item type Books
Koha issues (borrowed), all copies 8
Holdings
Source of classification or shelving scheme volume number Damaged status Not for loan Home library Current library Shelving location Date of accession Cost, normal purchase price Total Checkouts Full call number Barcode Date last seen Date checked out Copy number Koha item type
Dewey Decimal Classification V-1     JCC Rouf Library JCC Rouf Library General Stacks 06/23/2019 187.00 3 297.63 RAH 2015 15677 02/02/2025 09/26/2024 C-1 Books
Dewey Decimal Classification V-2     JCC Rouf Library JCC Rouf Library General Stacks 06/23/2019 187.00 2 297.63 RAH 2015 15678 11/18/2021 11/18/2021 C-1 Books
Dewey Decimal Classification V-3     JCC Rouf Library JCC Rouf Library General Stacks 06/23/2019 187.00 1 297.63 RAH 2015 15679 04/06/2020 03/27/2020 C-1 Books
Dewey Decimal Classification V-4     JCC Rouf Library JCC Rouf Library General Stacks 06/23/2019 187.00   297.63 RAH 2015 15680 09/23/2019   C-1 Books

JCC Library | Contacts | JCC Home

Last Update on 23 September 2017
Copyright @ 2017-2020 JCC Rouf Library
Rouf Library, Jhenidah Cadet College (JCC), Bangladesh